000 00489nam a2200181Ia 4500
005 20250326123456.0
008 250326s9999 xx 000 0 und d
037 _aTextbook
040 _aFMSL
_beng
_cFMSL
041 _aeng
_2eng
084 _aX:87 P6
_qFMSL
100 _aHoch S J
_9735243
245 0 _aWharton on making decisions
_cHoch S J; Gunther R E
260 _aUSA
_bUSA, John Wiley
_c2006
300 _a339p
942 _cTB
_hX:87 P6
999 _c1269522
_d1269522